Be Grumpy - Sudden Death - Statistics

General Stats
  • This quiz has been taken 4,866 times
  • The average score is 5 of 20
Answers on the Grid
Answers color-coded by a green-red scale on the quiz's grid according to % correct below.
Anodyne
Bilious
Cantankerous
Captious
Choleric
Chuffed
Craggy
Crotchedy
Curmudgeonly
Dégagé
Ductile
Dyspeptic
Forbearing
Grouchy
Huffy
Irascible
Irritable
Malleable
Nonchalant
Obsequious
Ornery
Peevish
Phlegmatic
Querulous
Rapacious
Snarky
Snippy
Splenetic
Stoic
Stolid
Surly
Taciturn
Tempestuous
Testy
Turbid
Waspish
 
Answer Stats
Answer % Correct
Cantankerous
56%
Irritable
51%
Grouchy
46%
Snarky
36%
Huffy
33%
Crotchedy
32%
Testy
32%
Snippy
31%
Curmudgeonly
28%
Peevish
27%
Choleric
25%
Surly
25%
Tempestuous
24%
Ornery
19%
Bilious
18%
Irascible
17%
Waspish
13%
Querulous
10%
Dyspeptic
9%
Splenetic
4%
No matching quizzes found
Score Distribution
Percent of People with Each Score
Percentile by Number Answered
Your Score History
You have not taken this quiz